Anuario estadístico 2012 : La agroindustria de la palma de aceite en Colombia y en el mundo 2007-2011 (Registro nro. 7629)

Detalles MARC
000 -CABECERA
Campo de control 01185nam a22002777a 4500
005 - FECHA Y HORA DE LA ULTIMA TRANSACCION
Campo de control 20200121073602.0
008 - ELEMENTOS DE LONGITUD FIJA—INFORMACION GENERAL
Campo de control 130828b2012 ck ||||g ||||a00| 0 spa d
040 ## - FUENTE DE CATALOGACIÓN
Agencia catalogadora original CO-BoIAVH
Agencia transcriptora CO-BoIAVH
041 ## - IDIOMA
Código de idioma para texto/pista de sonido o título separado Español
044 ## - PAÍS DE PUBLICACIÓN
País de publicación Colombia
082 ## - NUMERO DE CLASIFICACION DECIMAL DEWEY
Número de clasificación 633.851
Número del ítem F29a2012
110 ## - ASIENTO PRINCIPAL--NOMBRE CORPORATIVO
Nombre corporativo o de jurisdicción como elemento de entrada Federación Nacional de Cultivadores de Palma de Aceite, Fedepalma (Colombia).
9 (RLIN) 1887
245 1# - MENCION DE TITULO
Título Anuario estadístico 2012 : La agroindustria de la palma de aceite en Colombia y en el mundo 2007-2011
246 ## - FORMA VARIANTE DEL TITULO
Título propiamente dicho/forma breve del título Statistical Yearbook 2011 : The Oil Palm Agroindustry in Colombia and the World 2007-2011
260 ## - PUBLICACION, DISTRIBUCION, ETC. (PIE DE IMPRENTA)
Lugar de publicación, distribución, etc. Bogotá
Nombre del editor, distribuidor, etc. Fedepalma
Fecha de publicación, distribución, etc. 2012
300 ## - DESCRIPCION FISICA
Extensión 170 p.
Otros detalles físicos il., mapas, tablas, gráficas
Dimensiones 28 cm.
490 ## - MENCION DE SERIE
Mención de serie Anuario estadístico, Fedepalma
Designación numérica/secuencial del volumen 2012
505 ## - NOTA DE CONTENIDO
Nota de contenido Contiene las cifras más importantes de la agroindustria de la palma de aceite en Colombia y el mundo en el período 2007-2011
650 ## - ASIENTO SECUNDARIO DE MATERIA - TERMINO TEMATICO
Término temático o nombre geográfico como elemento de entrada Anuario
9 (RLIN) 1888
650 ## - ASIENTO SECUNDARIO DE MATERIA - TERMINO TEMATICO
Término temático o nombre geográfico como elemento de entrada Palma de aceite
9 (RLIN) 88133
650 ## - ASIENTO SECUNDARIO DE MATERIA - TERMINO TEMATICO
Término temático o nombre geográfico como elemento de entrada Agroindustria
9 (RLIN) 1890
650 6# - ASIENTO SECUNDARIO DE MATERIA - TERMINO TEMATICO
Término temático o nombre geográfico como elemento de entrada Palma africana
Subdivisión general producción
Subdivisión geográfica Colombia
9 (RLIN) 88135
650 6# - ASIENTO SECUNDARIO DE MATERIA - TERMINO TEMATICO
Término temático o nombre geográfico como elemento de entrada Palma africana
Subdivisión general economía
Subdivisión geográfica Colombia
9 (RLIN) 88136
650 6# - ASIENTO SECUNDARIO DE MATERIA - TERMINO TEMATICO
Término temático o nombre geográfico como elemento de entrada Palma africana
Subdivisión general cultivo
Subdivisión geográfica Colombia
9 (RLIN) 88137
942 ## - ELEMENTOS ADICIONALES (KOHA)
Sistema de clasificación Dewey Decimal Classification
Tipo de ítem Impreso
Koha issues (borrowed), all copies 6
Existencias
Withdrawn status Lost status Sistema de Clasificación Damaged status No para préstamo Colección Inventariado Ubicación Permanente Ubicación actual Fecha de adquisición Fuente de Valor Valor Total Checkouts Total Renewals Número topográfico Inventario / Código de Barras Date last seen Date checked out Ejemplar Price effective from Tipo de material Forma de adquisición
    Dewey Decimal Classification     General Inventariado 2017 Bogotá Bogotá 28/08/2013 Instituto 39000.00 4 2 LB-633.851 F29a2012 058428 13/04/2015 07/04/2015 Ej. 1 28/08/2013 Libro  
    Local     Audiovisual   Bogotá Bogotá 28/08/2013     2   LB-633.851 F29a 058429 29/08/2014 26/03/2014 Ej. 2 28/08/2013 CD-ROM